000 00939nam a22002057a 4500
999 _c2685
_d2685
003 AR-CdUCM
008 190305b ||||| |||| 00| 0 spa d
040 _aMUNICIPALIDAD PROVINCIAL DEL CUSCO
_cBIBLIOTECA MUNICIPAL DEL CUSCO
041 _heng
082 _a321.4 /
_bL63
100 _aLilienthal, David E.
_99428
245 _aCreo en esto /
260 _aBarcelona :
_bHispana - Europa,
_c1957.
300 _a187 páginas ;
_c21 cm.
440 _aColección Galileo.
_nSerie A.
_nGrandes temas, técnicas y problemas de nuestro tiempo.
_99429
505 _aContenido: La libertad y el temor -- Los fundamentos de la vitalidad americana son éticos y espirituales -- Progreso material más libertad -- Hay que hallar nuevas formas al esfuerzo cooperativo -- La ciencia, la tecnología y el espíritu humano -- Sentido de unidad en la era de la especialización ...
650 _aDemocracia
_92598
942 _2ddc
_cLIBROS
945 _azta